000 01339nam a22003737a 4500
003 CHAP
005 20220329141948.0
008 981005d1998 mx a r 00110 spa d
010 _a76318
011 _a77290
035 _a86893
040 _cCHAP
090 _aTesis
100 0 0 _aCruz Santiago, Reynaldo Fernando.
_929589
245 1 0 _aEstudio comparativo de la calidad peletera de pieles de conejo curtidas con cortezas vegetales
_c/por Reynaldo Fernando Cruz Santiago y Ulises Herrera Dattoli
260 _aChapingo, Méx. :
_bEl autor,
_c1998
300 _a38 h. :
_bilus. ; cuadros
502 _aTesis (Ing. Agr. Esp. en Zootecnia) -- UACH. Departamento de Zootecnia
590 _aALEPH
_b10
_c20130110
_lUCH01
_h1425
590 _aBATCH-UPD
_b10
_c20130110
_lUCH01
_h0107
590 _aBATCH-UPD
_b10
_c20130110
_lUCH01
_h1516
590 _aBATCH-UPD
_b10
_c20130409
_lUCH01
_h2057
590 _aBATCH-UPD
_b10
_c20130914
_lUCH01
_h0337
590 _aCONVERSION
_b10
_c20130109
_lUCH01
_h1342
650 1 4 _aAnimales de peletería.
_95884
650 1 4 _aConejos.
_926352
650 1 4 _aPieles.
_988006
650 1 4 _aPlantas curtientes.
_988934
901 _aBK
905 _aAlejandra Carrasco M.
942 _cFOLL
949 _bBC
_cTES
_d33724000588463
_eTS2
_fc.2
_h32925
_i86893
_si
949 _bBC
_cTES
_d868931
_eTS1
_h32924
_i86893
_sb
999 _c76318
_d76318